Normal view
MARC view
- Piñones Vázquez, Patricia
Entry Nombre Personal
001 - NUMERO DE CONTROL
- campo de control: 48605
003 - IDENTIFICADOR DE NUMERO DE CONTROL
- campo de control: MX-MxUPN
005 - FECHA Y HORA DE LA ÜLTIMA TRANSACCIÓN
- campo de control: 20230329103310.0
008 - DATOS DE LONGITUD FIJA
- campo de control de longitud fija: 230329|| aca||aabn | a|a d
040 ## - FUENTE DE CATALOGACIÓN
- Agencia original de catalogación: MX-MxUPN
- Lenguaje de catalogación: spa
- Agencia de transcripción: MX-MxUPN
100 1# - ENCABEZAMIENTO - NOMBRE PERSONAL
- Nombre personal: Piñones Vázquez, Patricia
670 ## - FUENTE EN LA QUE SE LOCALIZARON DATOS
- Cita de la fuente: Pedagogías feministas y sus encuentros afectantes : con los pies en la tierra, las manos en la masa y la escuela patas arriba, 2022:
- Información localizada: portada (Patricia Piñones Vázquez)
902 ## - CATALOGADOR
- Catalogador: Víctor Ruiz/290323
